000 00369nam a2200145Ia 4500
008 150301s2008 xx 000 0 und d
082 _a618.1
_bP08D
100 _aDESAI, PANKAJ
245 _aPRINCIPLES & PRACTICE OF OBSTETRICS & GYNECOLOGY FOR PG -2
250 _a3RD
260 _bJAYPEE
_aDELHI
_c2008
300 _a1276
650 _aOBST. & GYNE
942 _2ddc
_cBK
999 _c6563
_d6563